Sưu tập tem : lý thuyết và thực hành
Na minha lista:
| Autor principal: | |
|---|---|
| Formato: | Livro |
| Publicado em: |
Bưu điện
2004
|
| Tags: |
Adicionar Tag
Sem tags, seja o primeiro a adicionar uma tag!
|
| Thư viện lưu trữ: | Mạng thư viện Đại học Đà Nẵng |
|---|
| LEADER | 00561nam a2200229 a 4500 | ||
|---|---|---|---|
| 001 | 000029897 | ||
| 003 | 24483 | ||
| 005 | 20171030145630.0 | ||
| 008 | 171030s2004 | ||
| 020 | |c 26000 | ||
| 040 | |a LTT | ||
| 082 | 0 | |a 383.23 |b NG-Đ | |
| 100 | 1 | |a Nguyễn Đoàn | |
| 245 | 0 | 0 | |a Sưu tập tem : lý thuyết và thực hành |c Nguyễn Đoàn. |
| 260 | |b Bưu điện |c 2004 | ||
| OWN | |a LTT | ||
| 999 | |a From the UDN01 | ||
| TYP | |a Monograph | ||
| TYP | |a Printed language | ||
| 980 | |a Mạng thư viện Đại học Đà Nẵng | ||